東京都の市区町村(1968年) - Statistics

General Stats
  • This quiz has been taken 47 times
    43 since last reset
  • The average score is 49 of 64
Answer Stats
コード 市町村 備考 % Correct
13110 目黒区
100%
13104 新宿区
97%
13108 江東区
97%
13118 荒川区
97%
13123 江戸川区
97%
13102 中央区
94%
13103 港区
94%
13106 台東区
94%
13109 品川区
94%
13111 大田区
94%
13113 渋谷区
94%
13114 中野区
94%
13115 杉並区
94%
13119 板橋区
94%
13120 練馬区
94%
13122 葛飾区
94%
13101 千代田区
92%
13105 文京区
92%
13107 墨田区
92%
13112 世田谷区
92%
13116 豊島区
92%
13117 北区
92%
13121 足立区
92%
13201 八王子市
89%
13203 武蔵野市
89%
13206 府中市
89%
13202 立川市
86%
13204 三鷹市
86%
13217 保谷市 2001年消滅
86%
13208 調布市
83%
13210 小金井市
83%
13215 国立市
83%
13216 田無市 2001年消滅
83%
13205 青梅市
81%
13209 町田市
81%
13214 国分寺市
81%
13212 日野市
75%
13213 東村山市
72%
13207 昭島市
69%
13421 小笠原村
69%
13211 小平市
67%
13402 青ヶ島村
67%
13361 大島町
64%
13401 八丈町
64%
13303 西多摩郡瑞穂町
61%
13381 三宅村
61%
13382 御蔵島村
61%
13302 西多摩郡羽村町 1991年昇格
58%
13307 西多摩郡檜原村
58%
13344 北多摩郡清瀬町 1970年昇格
58%
13345 北多摩郡久留米町 1970年昇格
58%
13364 神津島村
58%
13301 西多摩郡福生町 1970年昇格
56%
13306 西多摩郡五日市町 1995年消滅
56%
13308 西多摩郡奥多摩町
56%
13342 北多摩郡村山町 1970年昇格
56%
13362 利島村
56%
13321 南多摩郡多摩町 1971年昇格
53%
13322 南多摩郡稲城町 1971年昇格
53%
13343 北多摩郡大和町 1970年昇格
53%
13341 北多摩郡狛江町 1970年昇格
50%
13304 西多摩郡秋多町 1972年昇格
47%
13363 新島本村 1992年改称
44%
13305 西多摩郡日の出村 1974年昇格
42%
No matching quizzes found
Score Distribution
Percent of People with Each Score
Percentile by Number Answered
Your Score History
You have not taken this quiz since the last reset